Statistics for Famous People from the 5th century BC

Click here to take the quiz!

General Stats

  • This quiz has been taken 32 times
  • The average score is 9 of 17

Answer Stats

HintAnswer% Correct
Philosopher, author of the RepublicPlato
96%
Athenian philosopher, who was sentenced to deathSocrates
88%
"Father of History"Herodotus
83%
Spartan king, who was killed by the Persians at ThermopylaeLeonidas
79%
"Father of Medicine", who was credited with coining the oath of doctorsHippocrates
75%
Persian King, who was defeated at the Battles of Salamis and PlataeaXerxes
75%
Important Athenian statesman, who caused the Peleponesian WarPericles
58%
"The Father of Comedy", author of The Clouds and The FrogsAristophanes
54%
Author of Oedipus RexSophocles
54%
Author of Medea and ElectraEuripides
42%
Athenian commander of the Battle of SalamisThemistocles
42%
Inventor of the Paradox of Motion and father of dialacticsZeno of Elea
42%
Roman Statesman, a big city in Ohio is named after himLucius Quinctius Cincinnatus
38%
Inventor of the atomic theoryDemocritus
33%
Founder of ontology, believed that nothing changesParmenides
25%
Build the statue of Zeus at OlympiaPhidias
21%
Important Spartan general in the Peleponesian WarLysander
17%

Score Distribution

Percentile by Number Answered

Percent of People with Each Score

Your Score History

You have not taken this quiz